000 00690nam a2200181Ia 4500
008 151202s9999||||xx |||||||||||||| ||und||
082 _bPNVM-36681
100 _aदांडेकर गो. नी.
245 _aसार्थ श्री ज्ञानेश्वरी.
260 _b"मॅजेस्टिक प्रक ाशन ,मुंबई."
260 _c1986
300 _a904
600 _aदांडेकर गो. नी.
630 _aसार्थ श्री ज्ञानेश्वरी.
700 _aदांडेकर गो. नी.
730 _aसार्थ श्री ज्ञानेश्वरी.
942 _cBOOK
999 _c1302633
_d1302630